00701 2200241 4500001002100000005001700021008004100038020002200079035002400101090002000125100001800145245007400163250001100237260003100248300002500279500002900304650003300333700003500366850001600401980001400417985000600431999002200437YOGYA-0209000004686320090227031300.0 ind  a978-979-21-1732-5 0010-020900000046863 a813bBra DlDEP aBRADMAN, Tony aDeadly gamecTony Bradman ; penerjemah, J. Harris Hermansyah Setiajid aCet. 1 aYogyakartabKanisiusc2007 a104 hlmbilusc20 cm aJudul asli : Deadly game aFiksi Indonesia - Terjemahan aSetiajid, J. Harris Hermansyah aYOPDYOG (M) a14-1-2008 a1 aCB-D.11 2007-630h